Chimie moderne
Gardado en:
| Autor Principal: | |
|---|---|
| Formato: | Libro |
| Idioma: | Undetermined |
| Publicado: |
Moskva
Mir
1974
|
| Những chủ đề: | |
| Các nhãn: |
Engadir etiqueta
Sen Etiquetas, Sexa o primeiro en etiquetar este rexistro!
|
| Thư viện lưu trữ: | Trung tâm Học liệu Trường Đại học Cần Thơ |
|---|
| LEADER | 00438nam a2200181Ia 4500 | ||
|---|---|---|---|
| 001 | CTU_2754 | ||
| 008 | 210402s9999 xx 000 0 und d | ||
| 082 | |a 541 | ||
| 082 | |b N693 | ||
| 100 | |a Nikolaiev, L. A. | ||
| 245 | 0 | |a Chimie moderne | |
| 245 | 0 | |c L. A. Nikolaiev | |
| 260 | |a Moskva | ||
| 260 | |b Mir | ||
| 260 | |c 1974 | ||
| 650 | |a Chemistry | ||
| 904 | |i Minh, Hải | ||
| 980 | |a Trung tâm Học liệu Trường Đại học Cần Thơ | ||